00657nam a2200217Ia 4500008004100000020001800041050001600059100001900075245001700094245002300111245005500134250001900189260001500208260003100223260000900254300002100263300002000284300001000304999001900314952010600333170918s9999 xx 000 0 und d a9780316114028 bB929sw 2008 aBuffett, Jimmy aSwine not? : ba novel pig tale / cby Jimmy Buffett ; illustrated by Helen Bransford. aFirst edition. aNew York : bLittle, Brown and Company, c2008 axxi, 233 pages : billustrations ; c23cm. c344256d344256 001040aSSISMbSSISMd2017-09-18l0oFIC B929sw 2008pSSISM3328r2017-09-18 00:00:00w2017-09-18yBK